00592nam a22002057a 450000500170000001000280001702000270004503500170007203500130008903700250010208200060012710000220013324500590015526000300021427000540024430000270029849000280032550000130035370000200036620190805145216.0 a1819CHEN B-717537-557 a9789384225421c199.00  aB-717537-557 aB-728514 bPragati Publications aS aKipling, Rudyard  aKim / cby Rudyard Kipling; adapted by Swayam Ganguly  aNew Delhi bOm Kidzc2018 a107, Ansari Road, Darya Ganj bNew Delhi e110002 a240p.:bill.c20cm(Hb) aOm illustrated classics aAirport  aGanguly,Swayam